Normal view MARC view
  • Moral Jiménez, María de la Villa

Entry Nombre Personal

Number of records used in: 2

001 - NUMERO DE CONTROL

  • campo de control: 49681

003 - IDENTIFICADOR DE NUMERO DE CONTROL

  • campo de control: UPN

005 - FECHA Y HORA DE LA ÜLTIMA TRANSACCIÓN

  • campo de control: 20230809130008.0

008 - DATOS DE LONGITUD FIJA

  • campo de control de longitud fija: 230809|| acn||aabn | a|a d

024 7# - OTROS IDENTIFICADORES NORMALIZADOS

  • Fuente: orcid
  • Número normalizado o código: https://orcid.org/0000-0003-2421-9675

040 ## - FUENTE DE CATALOGACIÓN

  • Agencia original de catalogación: MX-MxUPN

100 ## - ENCABEZAMIENTO - NOMBRE PERSONAL

  • Nombre personal: Moral Jiménez, María de la Villa

370 ## - LUGAR ASOCIADO

  • Associated country: España

371 ## - DIRECCIÓN

  • Electronic mail address: mvilla@uniovi.es

373 ## - GRUPO ASOCIADO

  • Associated group: Universidad de Oviedo. Facultad de Psicología

374 ## - OCUPACIÓN

  • Occupation: Profesora - investigadora universitaria

670 ## - FUENTE EN LA QUE SE LOCALIZARON DATOS

  • Cita de la fuente: En sitio web: Universidad de Oviedo
  • Información localizada: (Moral Jiménez, María de la Villa)
  • Uniform Resource Identifier: https://psicologia.uniovi.es/infoacademica/pdi/-/asset_publisher/YRj5/content/moral-jimenez-maria-de-la-villa

902 ## - CATALOGADOR

  • Catalogador: Leonor Sotres/090823